|
|
|
|
| LEADER |
00000nam2a2200000 4500 |
| 001 |
350558 |
| 005 |
20231102010320.0 |
| 035 |
|
|
|a (RuTPU)RU\TPU\retro\4706
|
| 035 |
|
|
|a RU\TPU\book\360983
|
| 090 |
|
|
|a 350558
|
| 100 |
|
|
|a 20190208d1923 m y0rusy50 ca
|
| 101 |
0 |
|
|a rus
|
| 102 |
|
|
|a RU
|
| 105 |
|
|
|a a j 001zy
|
| 200 |
0 |
|
|a Ч. 4 : Учение о магнитных и электрических явлениях (первая половина)
|
| 205 |
|
|
|a 2-е изд.
|
| 210 |
|
|
|d 1923
|
| 215 |
|
|
|a 424 с.
|c 200 рис.
|
| 316 |
|
|
|5 63413507: КР-5940
|a На обложке, форзаце владельческая надпись: "Завадовская"
|
| 317 |
|
|
|5 63413507: КР-5940
|a Поступил в НТБ в 1987 г. в дар от вдовы ученого Е. К. Завадовской
|
| 320 |
|
|
|a Предметный указатель: с. 423-427
|
| 320 |
|
|
|a Указатель русских авторов: с. 428
|
| 320 |
|
|
|a Указатель иностранных авторов: с. 429-432
|
| 461 |
|
1 |
|0 (RuTPU)RU\TPU\book\69266
|t Краткий курс физики для медиков, естественников и техников
|o [учебное пособие]
|f О. Д. Хвольсон
|v Ч. 4 : Учение о магнитных и электрических явлениях (первая половина)
|d 1923
|
| 606 |
1 |
|
|a Физика
|2 stltpush
|3 (RuTPU)RU\TPU\subj\63709
|9 80688
|
| 606 |
1 |
|
|a Электричество и магнетизм
|2 stltpush
|3 (RuTPU)RU\TPU\subj\71197
|9 85222
|
| 610 |
1 |
|
|a магнитные явления
|
| 610 |
1 |
|
|a электрические явления
|
| 610 |
1 |
|
|a учебные пособия
|
| 610 |
1 |
|
|a постоянное электрическое поле
|
| 610 |
1 |
|
|a свойства
|
| 610 |
1 |
|
|a источники
|
| 610 |
1 |
|
|a диэлектрики
|
| 610 |
1 |
|
|a поляризация
|
| 610 |
1 |
|
|a электростатические измерения
|
| 610 |
1 |
|
|a атмосферное электричество
|
| 610 |
1 |
|
|a постоянное магнитное поле
|
| 610 |
1 |
|
|a постоянное магнитное поле
|
| 610 |
1 |
|
|a электрический ток
|
| 610 |
1 |
|
|a электролиз
|
| 610 |
1 |
|
|a термоэлектрические явления
|
| 610 |
1 |
|
|a электростатические измерения
|
| 610 |
1 |
|
|a библиотека А. А. Воробьева
|
| 610 |
1 |
|
|a владельческая надпись
|
| 610 |
1 |
|
|a дары
|
| 610 |
1 |
|
|a дары библиотеке
|
| 675 |
|
|
|a 53(07)
|v 3
|
| 675 |
|
|
|a 537(07)
|v 3
|
| 801 |
|
1 |
|a RU
|b 63413507
|c 20140620
|
| 801 |
|
2 |
|a RU
|b 63413507
|c 20190315
|g RCR
|
| 942 |
|
|
|c BK
|